000 00431nam a22001817a 4500
003 MPLRDC
005 20220104113646.0
008 210129b ||||| |||| 00| 0 eng d
020 _a007-123980-4
082 _a176.4 FZH
100 _a方子华等著
245 _a批判思考
_c
250 _a初版
260 _a新加坡
_bMCGRAW-HILL EDUCATION(ASIA)
_c2005
300 _b131
650 _a思维
942 _cBK
_o176.4 FZH
999 _c1347
_d1337